| 000 | 00447nam a2200169 a 4500 | ||
|---|---|---|---|
| 005 | 20140310183535.0 | ||
| 008 | 111115s19uu xx 00 eng d | ||
| 020 | _a9789712352447 | ||
| 050 |
_aBF 121 _b.R696 2010 |
||
| 100 | _aRodriguez, Tessie J. | ||
| 245 |
_aUnderstanding human behavior / _cTessie J. Rodriguez,. |
||
| 250 | _a1st ed. | ||
| 260 |
_aManila : _bRBS, _c2009. |
||
| 300 | _a298 | ||
| 650 | _aPsychology | ||
| 942 |
_cBK _2lcc _kLOC |
||
| 999 |
_c24702 _d24702 |
||